000 00425nam a2200193Ia 4500
008 170705s9999 xx 000 0 und d
020 _a9780439164566
245 _aIsland /
245 _cGordon Korman.
260 _aNew York :
260 _bScholastic,
260 _c2011
300 _a129 pages :
300 _bcolor illustration ;
300 _c19cm.
440 _aShipwreck ;
440 _v1
500 _a610
999 _c336217
_d336217